Statistics for Characters I want to see in Super Smash Bros.

Click here to take the quiz!

General Stats

  • This quiz has been taken 11 times
  • The average score is 8 of 11

Answer Stats

Game SeriesHintCharacter% Correct
CupheadLet's hope playing as this
character doesn't make the
fight harder...
Cuphead
100%
Spyro the DragonMain character,
later appeared in
the Skylanders franchise
Spyro
100%
Mortal KombatBlue ice-throwing ninjaSub-Zero
100%
MarioEveryone's favorite unincluded
character
Waluigi
100%
the Henry Stickmin
Collection
The most legendary character
in all of gaming history
Henry Stickmin
86%
MinecraftOh man!Creeper
71%
Mega ManMega Man's sometimes
adversary, sometimes ally
Proto Man
71%
Punch-OutThe final boss of two gamesMr. Sandman
57%
UndertaleWe've already gotten Sans, so
maybe...
Papyrus
57%
TekkenYou know, the guy with the
jaguar mask
King
43%
YakuzaA special guest in 6(This is
honestly kind of a joke but if
he gives permission it could
be possible)
Kazuchika Okada
14%

Score Distribution

Percentile by Number Answered

Percent of People with Each Score

Your Score History

You have not taken this quiz